00661 2200193 4500001002100000005001500021035002000036245011700056100001800173250002000191300005200211856002800263700008200291260003100373082000800404084001400412020002200426600001900448INLIS00000000114740420260226012345 a0010-02260010241 aPRANCIS /cPenulis; Teresa Fisher, Penerjmah; Rokoyah Andariani Amin, Editor; Tessa Febiani, Dwi Kartika Wardani0 aTeresa Fisher aCetakan Pertama a32 halaman :bIlustrasi ;c21 x 27.9 cmeKertas aPerpustakaan Keliling 10 aPenerjmah; Rokoyah Andariani Amin, Editor; Tessa Febiani, Dwi Kartika Wardani aJakarta :bErlangga,c2008 a397 a397 TER p a978-979-033-619-3 4aNEGARA PRANCIS